Městské komunikace : Návody k projektu

Na minha lista:
Detalhes bibliográficos
Main Authors: Dlouhá, E (Author), Rojan, Jiří (Author), Slabý, Petr (Author)
Formato: Livro
Idioma:tcheco
Publicado em: Praha : České vysoké učení technické v Praze, 1987
Tags: Adicionar Tag
Sem tags, seja o primeiro a adicionar uma tag!

MARC

LEADER 00000nam a22000003a 4500
001 stu87564
005 20150617225630.6
008 040608s1987----cs------------------cze-d
040 |a STU  |b slo 
041 0 |a cze 
044 |a cs 
080 |a 625.7/.8(075.8) 
100 1 |a Dlouhá, E  |4 aut 
245 1 |a Městské komunikace :  |b Návody k projektu 
260 |a Praha :  |b České vysoké učení technické v Praze,  |c 1987 
300 |a 185 s 
700 1 |a Rojan, Jiří  |4 aut 
700 1 |a Slabý, Petr  |4 aut 
996 |b 284V029257  |c V*28267/S-88  |l VVT  |s A  |a 24  |w stu87564_0001